ბათუმის შოთა რუსთაველის სახელმწიფო უნივერსიტეტის ბიბლიოთეკა

Введение в общую теорию множеств и функций . Ч. 1 (ბიბ.ჩანაწერი № 39114)

000 -LEADER
fixed length control field 00655nam a2200205Ia 4500
001 - CONTROL NUMBER
control field 5694
003 - CONTROL NUMBER IDENTIFIER
control field GE_BSU
008 - FIXED-LENGTH DATA ELEMENTS--GENERAL INFORMATION
fixed length control field 181216s||||||||xx |||||||||||||| ||und||
040 ## - CATALOGING SOURCE
Transcribing agency GE_BSU
080 ## - UNIVERSAL DECIMAL CLASSIFICATION NUMBER
Universal Decimal Classification number 510.22(075.8)+517.5(075.8)
100 ## - MAIN ENTRY--PERSONAL NAME
Personal name Александров,П.С. и Колмогоров,А.И.
245 ## - TITLE STATEMENT
Title Введение в общую теорию множеств и функций . Ч. 1
245 ## - TITLE STATEMENT
Remainder of title Учебное пособие для вузов
260 ## - PUBLICATION, DISTRIBUTION, ETC.
Place of publication, distribution, etc. М-Л
260 ## - PUBLICATION, DISTRIBUTION, ETC.
Name of publisher, distributor, etc. Гостехиздат
260 ## - PUBLICATION, DISTRIBUTION, ETC.
Date of publication, distribution, etc. 1948.
300 ## - PHYSICAL DESCRIPTION
Extent 411с. 20 см.
653 ## - INDEX TERM--UNCONTROLLED
Uncontrolled term теория множеств и функций
942 ## - ADDED ENTRY ELEMENTS (KOHA)
Koha item type წიგნი
ეგზემპლარები
Withdrawn status Lost status Damaged status Not for loan Date acquired Barcode Date last seen Price effective from Koha item type
        2018-12-17 16811 2018-12-17 2018-12-17 წიგნი